Statistiques concernant Les Albums d'Astérix

Cliquez ici pour prendre le quiz!

Statistiques générales

  • Ce quiz a été pris 1 379 fois
    (1 288 depuis la dernière actualisation)
  • Le résultat moyen est 19 sur 39

Statistiques - réponses

AnnéeScénariste / IllustrateurTitre de l'Album% Correct
1.1961R. Goscinny / A. UderzoAstérix le Gaulois
94%
8.1966R. Goscinny / A. UderzoAstérix chez les Bretons
73%
6.1965R. Goscinny / A. UderzoAstérix et Cléopâtre
71%
5.1965R. Goscinny / A. UderzoLe Tour de Gaule d'Astérix
71%
16.1970R. Goscinny / A. UderzoAstérix chez les Helvètes
69%
2.1962R. Goscinny / A. UderzoLa Serpe d'Or
67%
14.1969R. Goscinny / A. UderzoAstérix en Hispanie
65%
12.1968R. Goscinny / A. UderzoAstérix aux Jeux Olympiques
60%
17.1971R. Goscinny / A. UderzoLe Domaine des Dieux
59%
20.1973R. Goscinny / A. UderzoAstérix en Corse
57%
10.1967R. Goscinny / A. UderzoAstérix Légionnaire
56%
7.1966R. Goscinny / A. UderzoLe Combat des Chefs
56%
3.1963R. Goscinny / A. UderzoAstérix et les Goths
55%
9.1966R. Goscinny / A. UderzoAstérix et les Normands
55%
15.1970R. Goscinny / A. UderzoLa Zizanie
53%
24.1979R. Goscinny / A. UderzoAstérix chez les Belges
50%
35.2013J.-Y. Ferri / D. ConradAstérix chez les Pictes
50%
27.1983A. UderzoLe Fils d'Astérix
48%
4.1964R. Goscinny / A. UderzoAstérix Gladiateur
47%
22.1975R. Goscinny / A. UderzoLa Grande Traversée
47%
21.1974R. Goscinny / A. UderzoLe Cadeau de César
47%
19.1972R. Goscinny / A. UderzoLe Devin
47%
23.1976R. Goscinny / A. UderzoObélix et Compagnie
46%
25.1980A. UderzoLe Grand Fossé
44%
29.1991A. UderzoLa Rose et le Glaive
43%
11.1968R. Goscinny / A. UderzoLe Bouclier Arverne
42%
18.1972R. Goscinny / A. UderzoLes Lauriers de César
42%
13.1969R. Goscinny / A. UderzoAstérix et le Chaudron
41%
30.1996A. UderzoLa Galère d'Obélix
38%
31.2001A. UderzoAstérix et Latraviata
37%
28.1987A. UderzoAstérix chez Rahàzade
35%
26.1981A. UderzoL'Odyssée d'Astérix
32%
38.2019J.-Y. Ferri / D. ConradLa Fille de Vercingétorix
30%
33.2005A. UderzoLe Ciel lui tombe sur la Tête
29%
37.2017J.-Y. Ferri / D. ConradAstérix et la Transitalique
27%
39.2021J.-Y. Ferri / D. ConradAstérix et le Griffon
26%
36.2015J.-Y. Ferri / D. ConradLe Papyrus de César
25%
32.2003R. Goscinny / A. UderzoAstérix et la Rentrée Gauloise
21%
34.2009A. UderzoL'Anniversaire d'Astérix et Obélix - Le Livre d'Or
19%

Distribution des résultats

Percentile par nombre de réponses

% des personnes avec chaque résultat

Votre développement - résultats

Vous n’avez pas pris ce quiz depuis la dernière actualisation